O životnom štýle

Bibliographic Details
Main Author: (m) (Author)
Format: Article
Language:Slovak
Subjects:

MARC

LEADER 00000nab a2200000 a 4500
001 vtls001026047
003 SK-MaSNL
005 20260304032458.0
008 040720e19990520xo 0 slo
035 |a SL4602 
040 |a SLLK  |b slo  |c SLLK  |e AACR2 
041 0 |a slo 
044 |a xo  |c SK 
080 |a 377.8  |2 1981 
080 |a 371.7  |2 1981 
100 0 |a (m)  |4 aut  |9 859904 
245 1 0 |a O životnom štýle 
650 0 7 |a semináre odborné  |2 SLLK  |9 877774 
650 0 7 |a životný štýl  |2 SLLK  |9 1704 
650 0 7 |a zdravie  |2 SLLK  |9 16322 
650 0 7 |a informácie  |2 SLLK  |9 1285 
651 7 |a Vyšné Ružbachy (Slovensko)  |2 SLLK  |9 22374 
651 7 |a SL,  |2 SLLK  |9 1022390 
655 7 |a periodikum  |2 snkbucl  |9 29553 
773 0 8 |t Ľubovnianske noviny  |g Roč. 25, č.20, 20.5.1999, s. 2 
852 |a ZVYKNI  |b KIS3GCP 
999 |c 2643368  |d 2645298